Health and Safety legislation and framework of Hong Kong China, SAR

Detalles Bibliográficos
Autor principal: Lee, Peter
Formato: eBook
Lenguaje:inglés
Publicado: Hong Kong: Lambert Academic Publishing, 2019
Materias:
Acceso en línea:Acceso restringido

MARC

LEADER 00000nam a22000007a 4500
005 20190918133032.0
007 cr|||| ||||
008 190918s2019 hk |||||s|||| 00||0 eng d
020 |a 9786139990849 
035 |a 25803 
040 |a vLex 
090 |c 9559  |d 9559 
100 1 |a Lee, Peter 
245 1 0 |a Health and Safety legislation and framework of Hong Kong China, SAR  |h [Recurso electrn̤ico] /  |c Peter Lee 
256 |a Servicio en ln̕ea 
260 |a Hong Kong:  |b Lambert Academic Publishing,  |c 2019 
300 |a 1 recurso electrn̤ico 
500 |a The Basic Law of Hong Kong, China (SAR) is the de-facto constitution of the former colony that was negotiated between China and Great Britain prior to the handover of sovereignty in 1997. Throughout the 150 years of Hong Kong as a British Colony, the local law had been directly adopted from the Acts of Parliament and enacted as Crown Ordinance (Published in the Royal Gazettes). Since 1997 the old Ordinances remains as the primary statute of the SAR, almost the entire Crown Ordinance was passed as local legislation by the Legislative Council (mini-parliament). The Labour department is the policy and enforcement agency equivalent to the Health and Safety Executive in UK. Workplace health and safety record published by the Hong Kong Government has been improving over the last 5 years, but it is still in its infancy and too imprecise to make quality strategy and policy planning.. What happens since 1997 has been ‘water under the bridge’, history will judge how much Hong Kong influence the outcome of China economic success in the 21st century and the geo-political development of the region. 
506 1 |a Disponible solo en los productos indicados  |d vLex Global  |d vLex Global (Academic Edition, excluding Law Schools)  |d vLex Global (U.S. Academic Edition, Law Schools)  |d vLex Global (U.S. Academic Edition, excluding Law Schools)  |d vLex Global (Academic Edition, Law Schools) 
650 0 4 |a Derecho Pb︢lico y Administrativo  |z China 
740 0 |a vLex Libros (Servicio en ln̕ea) 
856 4 0 |u http://vlex.com/source/25803  |z Acceso restringido 
942 |c BOOK 
999 0 |a Public and Administrative Law